000 00703nam a2200241 i 4500
001 C2-0243541
003 PPAK
005 20180727205131.0
008 021029s1979 my |||| ||||| | may d
040 _aPPAK
_beng
_cPPAK
_erda
082 0 4 _a370.15
_223
090 0 0 _a370.15
_bISA
_dKAM
100 0 _aIsahak Haron,
_eauthor
245 1 0 _aBeberapa kaedah mengajar murid-murid membaca bahasa
_bBahasa Malaysia di peringkat awal
264 1 _aPahang :
_bPersatuan Suluh Budiman ,
_c1979
300 _a16 pages ;
_c28 cm
336 _2rdacontent
_atext
337 _2rdamedia
_aunmediated
338 _2rdacarrier
_avolume
500 _aKonpen IV
650 1 0 _aStudents - Psychology
942 _ddc
_cB
999 _c58007
_d58007